[Event "Arab Games 2011"]
[Site "0:00.03-0:11.25"]
[Date "2011.12.20"]
[Round "7"]
[White "Gharib Alia Ali"]
[Black "Al-Rajab Maha Layth"]
[Result "0-1"]
[WhiteElo "1799"]
[BlackElo "1858"]
[PlyCount "104"]
[EventDate "2011.??.??"]

1. e4 e6 2. Nc3 d5 3. Nf3 dxe4 4. Nxe4 Nd7 5. Bc4 Ngf6 6. Nxf6+ Nxf6 7. O-O Be7
8. d4 O-O 9. Ne5 c5 10. dxc5 Bxc5 11. Qxd8 Rxd8 12. Be3 Bxe3 13. fxe3 b6 14.
Rad1 Bb7 15. Rd4 Rxd4 16. exd4 Rd8 17. c3 h6 18. Be2 Rc8 19. Bf3 Bxf3 20. Rxf3
b5 21. b3 Rc7 22. c4 bxc4 23. Nxc4 Rd7 24. Rd3 Nd5 25. Kf2 Kf8 26. Rd2 Ke7 27.
Kf3 f6 28. Ke4 Nc3+ 29. Ke3 Nb5 30. Rd3 Nc7 31. Ke4 Nb5 32. a4 Nd6+ 33. Nxd6
Kxd6 34. d5 f5+ 35. Kd4 exd5 36. Re3 Rb7 37. Kc3 a5 38. Rg3 Kc5 39. Kc2 d4 40.
h4 Kd5 41. Rd3 Ke4 42. Kd2 f4 43. Ke2 Rc7 44. Kd2 g5 45. hxg5 hxg5 46. Rh3 Rb7
47. Kc2 g4 48. Rd3 f3 49. gxf3+ gxf3 50. Rd1 f2 51. Rf1 Kf3 52. Rd1 Rb4 0-1

[Event "Arab Games 2011"]
[Site "0:08.39-0:01.57"]
[Date "2011.12.20"]
[Round "7"]
[White "Fuad Natalie"]
[Black "Al-Khelaifi Salama"]
[Result "1/2-1/2"]
[WhiteElo "1952"]
[BlackElo "1787"]
[PlyCount "82"]
[EventDate "2011.??.??"]

1. e4 c6 2. d4 d5 3. Nc3 dxe4 4. Nxe4 Nf6 5. Nxf6+ exf6 6. c3 Bd6 7. Bd3 O-O 8.
Ne2 Re8 9. Qc2 Kh8 10. Be3 Be6 11. O-O g6 12. Bf4 Be7 13. b3 a5 14. Bg3 f5 15.
h3 Na6 16. Nf4 Nc7 17. Rfe1 Bf6 18. Nxe6 Nxe6 19. Be5 Kg8 20. Bxf6 Qxf6 21. Qd2
Rad8 22. Bc4 Ng5 23. f3 Ne6 24. a4 Rd7 25. Re2 Red8 26. Rae1 Nc7 27. Re5 b6 28.
Qe2 Kf8 29. Qe3 Qh4 30. Qc1 Kg7 31. Qa3 Qf6 32. Re7 Rxe7 33. Qxe7 Nd5 34. Bxd5
cxd5 35. Kf2 Rd6 36. Qxf6+ Kxf6 37. Rc1 Ke6 38. Ke3 Kd7 39. Kd3 g5 40. c4 h5
41. g3 g4 1/2-1/2

[Event "Arab Games 2011"]
[Site "0:02.44-0:04.44"]
[Date "2011.12.20"]
[Round "7"]
[White "Al-Khelaifi Aisha"]
[Black "Dahdal Lougain"]
[Result "0-1"]
[WhiteElo "1674"]
[BlackElo "1828"]
[PlyCount "72"]
[EventDate "2011.??.??"]

1. e4 c5 2. Nf3 Nc6 3. Bb5 d6 4. Bxc6+ bxc6 5. h3 g6 6. d3 Bg7 7. O-O f6 8. Nc3
Nh6 9. Be3 O-O 10. Qd2 Nf7 11. Nh2 Rb8 12. Rab1 Ba6 13. b3 Qd7 14. f4 f5 15.
Nf3 fxe4 16. Nxe4 Nh6 17. Qa5 Bc8 18. Ng3 Qb7 19. a4 Nf5 20. Nxf5 Bxf5 21. Qe1
Rbe8 22. Qg3 Qc7 23. Rbe1 Qa5 24. Bd2 Qb6 25. Kh1 Qa6 26. Nh4 Qc8 27. Nxf5 Rxf5
28. Qe3 e5 29. Qg1 Ref8 30. fxe5 Bxe5 31. Rxf5 Rxf5 32. Rf1 Bd4 33. Be3 Bxe3
34. Qxe3 Rxf1+ 35. Kh2 Qf8 36. Qe6+ Kh8 0-1

[Event "Arab Games 2011"]
[Site "0:23.40-0:00.04"]
[Date "2011.12.20"]
[Round "7"]
[White "Alattar Ghayda M"]
[Black "Safar Reem"]
[Result "1-0"]
[WhiteElo "1850"]
[BlackElo "1734"]
[PlyCount "53"]
[EventDate "2011.??.??"]

1. d4 f5 2. Nc3 d5 3. f3 Nf6 4. Bg5 Nc6 5. Bxf6 exf6 6. Qd2 Be6 7. O-O-O Qd7 8.
e3 O-O-O 9. Bb5 Qd6 10. Nh3 g5 11. Nf2 h5 12. Kb1 Bg7 13. Na4 Bd7 14. Nc5 Nb8
15. Bd3 Rhe8 16. Rde1 f4 17. exf4 Qxf4 18. Qxf4 gxf4 19. Nxd7 Kxd7 20. Bf5+ Kd6
21. Nd3 Bh6 22. h4 b6 23. Kc1 Nc6 24. c3 Ne7 25. Re6+ Kd7 26. Bh3 Bg7 27. Rxf6+
1-0

[Event "Arab Games 2011"]
[Site "0:20.49-0:28.53"]
[Date "2011.12.20"]
[Round "7"]
[White "Alaa El Din Yosra"]
[Black "Emhemed Inas"]
[Result "0-1"]
[WhiteElo "1844"]
[BlackElo "1486"]
[PlyCount "44"]
[EventDate "2011.??.??"]

1. e4 e6 2. d4 d5 3. exd5 exd5 4. Bd3 Nf6 5. Ne2 Bd6 6. Bg5 Be6 7. c3 Nbd7 8.
Qb3 Rb8 9. Na3 c6 10. Nc2 c5 11. c4 dxc4 12. Bxc4 Bxc4 13. Qxc4 Qb6 14. O-O O-O
15. Rab1 Rbc8 16. Qd3 cxd4 17. Ncxd4 Nc5 18. Qh3 Nce4 19. Be3 Nd5 20. Ne6 Nxe3
21. Nxf8 Nxf1 22. Qxc8 Bxh2+ 0-1

[Event "Arab Games 2011"]
[Site "0:49.21-0:52.17"]
[Date "2011.12.20"]
[Round "7"]
[White "Elamri Laila A"]
[Black "Mezioud Amina"]
[Result "0-1"]
[WhiteElo "1910"]
[BlackElo "2065"]
[PlyCount "48"]
[EventDate "2011.??.??"]

1. e4 e5 2. Nf3 d6 3. Bc4 Be7 4. Nc3 Nf6 5. d3 O-O 6. O-O Nbd7 7. Ne2 c6 8. Bb3
Nc5 9. Be3 Nxb3 10. axb3 a6 11. Ng3 Re8 12. Ne1 d5 13. Nh5 Ng4 14. exd5 Bd6 15.
Nf3 cxd5 16. h3 Nxe3 17. fxe3 g6 18. Ng5 f5 19. h4 gxh5 20. Qxh5 Re7 21. Rf3
Qe8 22. Qxe8+ Rxe8 23. e4 dxe4 24. dxe4 h6 0-1

[Event "Arab Games 2011"]
[Site "0:35.31-0:13.35"]
[Date "2011.12.20"]
[Round "7"]
[White "Arif Fadoua"]
[Black "Latreche Khadidja"]
[Result "1/2-1/2"]
[WhiteElo "1844"]
[BlackElo "1936"]
[PlyCount "62"]
[EventDate "2011.??.??"]

1. c4 c5 2. Nc3 Nc6 3. g3 g6 4. Bg2 Bg7 5. Nf3 d6 6. d3 Bd7 7. Rb1 Nf6 8. Bd2
Qc8 9. h4 Bf5 10. a3 e5 11. b4 e4 12. dxe4 Nxe4 13. Rb3 O-O 14. Nd5 Re8 15. Bf4
Ne5 16. Ne3 Nxf3+ 17. Bxf3 Bc3+ 18. Kf1 Nd2+ 19. Kg2 Nxb3 20. Qxb3 Be5 21. Bh6
Rb8 22. Nd5 Bg4 23. Bg5 Bxf3+ 24. Qxf3 Qf5 25. Ne7+ Rxe7 26. Bxe7 Qxf3+ 27.
Kxf3 Re8 28. Bg5 Bb2 29. bxc5 Bxa3 30. cxd6 Bxd6 31. Ra1 Bc5 1/2-1/2

[Event "Arab Games 2011"]
[Site "0:54.14-0:58.06"]
[Date "2011.12.21"]
[Round "8"]
[White "Moaataz Ayah"]
[Black "Elamri Laila A"]
[Result "1/2-1/2"]
[WhiteElo "1903"]
[BlackElo "1910"]
[PlyCount "46"]
[EventDate "2011.??.??"]

1. e4 c5 2. c4 Nc6 3. Nc3 g6 4. a3 Bg7 5. g3 d6 6. Bg2 Be6 7. d3 Qa5 8. Bd2 Qb6
9. Rb1 Nd4 10. Na4 Qc7 11. Nf3 Nxf3+ 12. Bxf3 Nf6 13. b4 Rb8 14. bxc5 dxc5 15.
O-O Nd7 16. Nc3 Qd8 17. Qa4 O-O 18. Nd5 Ne5 19. Be2 Bh3 20. Rfd1 Nc6 21. Be3
Bd7 22. Qc2 Qc8 23. Qa4 Qd8 1/2-1/2

[Event "Arab Games 2011"]
[Site "0:24.12-0:40.24"]
[Date "2011.12.21"]
[Round "8"]
[White "Wafa Shrook"]
[Black "Arif Fadoua"]
[Result "1/2-1/2"]
[WhiteElo "1873"]
[BlackElo "1844"]
[PlyCount "42"]
[EventDate "2011.??.??"]

1. e4 e6 2. d4 d5 3. Nc3 Nf6 4. Bg5 Be7 5. Bxf6 Bxf6 6. Nf3 O-O 7. Be2 Nc6 8.
e5 Be7 9. Qd2 Na5 10. O-O-O c5 11. h4 Nc6 12. dxc5 Bxc5 13. Qe1 Qc7 14. Bd3 Nb4
15. Be2 Nc6 16. Bd3 Nb4 17. Bf1 Bd7 18. a3 Nc6 19. Bd3 Na5 20. Bf1 Nc6 21. Bd3
Na5 1/2-1/2

[Event "Arab Games 2011"]
[Site "1:35.05-1:38.51"]
[Date "2011.12.21"]
[Round "8"]
[White "Emhemed Inas"]
[Black "Boshra Alshaeby"]
[Result "1/2-1/2"]
[WhiteElo "1486"]
[BlackElo "1884"]
[PlyCount "62"]
[EventDate "2011.??.??"]

1. e4 c5 2. Nf3 Nc6 3. g3 d6 4. Bg2 g6 5. O-O Bg7 6. d3 Nf6 7. Nc3 O-O 8. Be3
Rb8 9. a4 a6 10. b3 Ng4 11. Bd2 b5 12. axb5 axb5 13. Rb1 Bd7 14. h3 Nf6 15. Re1
Qc8 16. Kh2 e5 17. Bg5 Nd4 18. Nd5 Nxd5 19. exd5 f6 20. Be3 f5 21. c3 Nxf3+ 22.
Qxf3 e4 23. dxe4 fxe4 24. Qxe4 Bf5 25. Qh4 Bxb1 26. Rxb1 Bxc3 27. Bh6 Rxf2 28.
Rf1 Rxf1 29. Bxf1 Qf5 30. Bg2 Re8 31. Qf4 Qxf4 1/2-1/2

[Event "Arab Games 2011"]
[Site "0:53.02-0:32.27"]
[Date "2011.12.21"]
[Round "8"]
[White "Al-Khelaifi Aisha"]
[Black "Al Harmoodi Mona Ali"]
[Result "1-0"]
[WhiteElo "1674"]
[BlackElo "1858"]
[PlyCount "37"]
[EventDate "2011.??.??"]

1. e4 d5 2. exd5 Nf6 3. d4 Nxd5 4. Nf3 Nc6 5. h3 g6 6. Bc4 Bg7 7. c3 O-O 8. O-O
a6 9. a4 Nb6 10. Ba2 Bf5 11. Re1 Qd6 12. Nbd2 e5 13. dxe5 Nxe5 14. Nxe5 Bxe5
15. Nf3 Qxd1 16. Rxd1 Bd6 17. Bb3 Kg7 18. Be3 Rfe8 19. Bxb6 1-0

[Event "Arab Games 2011"]
[Site "0:15.50-0:04.55"]
[Date "2011.12.21"]
[Round "8"]
[White "Gharib Alia Ali"]
[Black "Safar Reem"]
[Result "1-0"]
[WhiteElo "1799"]
[BlackElo "1734"]
[PlyCount "73"]
[EventDate "2011.??.??"]

1. e4 c6 2. Nc3 d5 3. Qf3 d4 4. Bc4 Nf6 5. e5 dxc3 6. exf6 exf6 7. Qxc3 Bd6 8.
Nf3 O-O 9. O-O b5 10. Bb3 a5 11. a4 b4 12. Qd4 Bb7 13. d3 Qc7 14. h3 c5 15. Qg4
Re8 16. Nh4 Bc8 17. Nf5 Bxf5 18. Qxf5 Nc6 19. Be3 Nd4 20. Bxd4 cxd4 21. Rfe1
Re5 22. Rxe5 Bxe5 23. Re1 g6 24. Qe4 Rd8 25. Kf1 Rd7 26. Bc4 Qb7 27. Qxb7 Rxb7
28. Re4 Rd7 29. Bb5 Re7 30. f4 f5 31. Rxe5 Rxe5 32. fxe5 Kf8 33. Kf2 Ke7 34.
Bc4 f6 35. e6 g5 36. g4 f4 37. Kf3 1-0

[Event "Arab Games 2011"]
[Site "0:07.26-0:02.10"]
[Date "2011.12.21"]
[Round "8"]
[White "Al-Khulaifi Ghada"]
[Black "Jamila Juma"]
[Result "1-0"]
[WhiteElo "1647"]
[BlackElo "1727"]
[PlyCount "67"]
[EventDate "2011.??.??"]

1. e4 c6 2. d4 d5 3. exd5 cxd5 4. c4 Nf6 5. Nc3 Bg4 6. Nf3 g6 7. h3 Bxf3 8.
Qxf3 Nc6 9. Qd1 Bg7 10. Be3 O-O 11. a3 a5 12. Bd3 e6 13. O-O Rc8 14. Qe2 dxc4
15. Bxc4 Nxd4 16. Bxd4 Qxd4 17. Bd3 Rfd8 18. Rad1 Qb6 19. Rb1 Nd5 20. Nxd5 Rxd5
21. Qf3 Rcd8 22. Be4 Rb5 23. b3 Rc8 24. Rfc1 Rxc1+ 25. Rxc1 Rxb3 26. Rc8+ Bf8
27. Qf6 Qd6 28. Rd8 Qc7 29. h4 Rc3 30. g3 Rc1+ 31. Kh2 Qc3 32. Qe7 Qg7 33. Qg5
b6 34. Qxc1 1-0